| 000 | 00810nam a22001577a 4500 | ||
|---|---|---|---|
| 003 | OSt | ||
| 005 | 20151212141739.0 | ||
| 008 | 151212b xxu||||| |||| 00| 0 eng d | ||
| 040 | _cRUA | ||
| 082 | _aATM.s EK 2004 B212 Or.1 | ||
| 100 |
_94759 _aEK, SEREYSOPHEAP. |
||
| 245 | _aA potential to the facilitation of the protected area community in the chi aok village rumny commune rovieng district preah vihear province, សក្ដានុពលភាពនៃការសំរបសំរួលរៀបចំសហគមន៍តំបន់ការពារធម្មជាតិនៅភូមិជីឱក ឃុំ រម្មណី ស្រុករវៀង ខេត្តព្រះវិហារ | ||
| 260 |
_aPhnom Penh _bRUA _c2004 |
||
| 300 |
_aix; 41p. _bill. _c29cm. |
||
| 942 |
_2ddc _cATMSP |
||
| 999 |
_c4434 _d4434 |
||